| 000 | 00868cam a2200289 i 4500 | ||
|---|---|---|---|
| 001 | 65850 | ||
| 003 | Mx-PuUPA | ||
| 005 | 20210806120013.0 | ||
| 008 | 160715s2016 mx r 000 0 spa d | ||
| 020 | _a9786071635709 | ||
| 040 |
_aMx-PuUPA _bspa _cMx-PuUPA _dMx-PuUPA _erda |
||
| 041 | 0 | _aspa | |
| 100 | 1 |
_aZambrano, María, _eautor _92437 |
|
| 245 | 1 | 0 |
_aFilosofía y poesía / _cMaría Zambrano. |
| 250 | _aSexta edición | ||
| 264 | 1 |
_aMéxico, D.F. : _bFondo de Cultura Económica, _c2016 |
|
| 300 |
_a111 páginas ; _c21 cm. |
||
| 336 |
_atexto _2rdacontent _btxt |
||
| 337 |
_asin medio _2rdamedia _bn |
||
| 338 |
_avolumen _2rdacarrier _bnc |
||
| 490 | 0 | _aSección de obras de filosofía ; Filosofía y poesía | |
| 650 | 4 | _aPoesía | |
| 650 | 4 | _aFilosofía | |
| 942 |
_2ddc _cLI _h196 _iZ23 |
||
| 999 |
_c65850 _d65850 |
||